| 000 -LEADER |
| fixed length control field |
01506cam a22003857a 4500 |
| 001 - CONTROL NUMBER |
| control field |
8577460 |
| 003 - CONTROL NUMBER IDENTIFIER |
| control field |
OSt |
| 005 - DATE AND TIME OF LATEST TRANSACTION |
| control field |
20211027160619.0 |
| 006 - FIXED-LENGTH DATA ELEMENTS--ADDITIONAL MATERIAL CHARACTERISTICS |
| fixed length control field |
m d |
| 007 - PHYSICAL DESCRIPTION FIXED FIELD--GENERAL INFORMATION |
| fixed length control field |
cr n |
| 008 - FIXED-LENGTH DATA ELEMENTS--GENERAL INFORMATION |
| fixed length control field |
100927s2011 nyua sb 001 0 eng d |
| 020 ## - INTERNATIONAL STANDARD BOOK NUMBER |
| International Standard Book Number |
9781441975942 |
| 035 ## - SYSTEM CONTROL NUMBER |
| System control number |
(WaSeSS)ssj0000450223 |
| 038 ## - RECORD CONTENT LICENSOR |
| Staff Name |
khadija |
| 040 ## - CATALOGING SOURCE |
| Original cataloging agency |
BTCTA |
| Language of cataloging |
eng |
| Transcribing agency |
BTCTA |
| Modifying agency |
YDXCP |
| -- |
CDX |
| -- |
BWX |
| -- |
CNCEN |
| -- |
DLC |
| -- |
WaSeSS |
| 042 ## - AUTHENTICATION CODE |
| Authentication code |
lccopycat |
| 050 #4 - LIBRARY OF CONGRESS CALL NUMBER |
| Classification number |
TK7895.G36 |
| Item number |
B38 2011 |
| 082 04 - DEWEY DECIMAL CLASSIFICATION NUMBER |
| Classification number |
621.395 |
| Edition number |
22 |
| Author Mark |
BAT |
| 100 1# - MAIN ENTRY--PERSONAL NAME |
| Personal name |
Battezzati, Niccolò. |
| 9 (RLIN) |
83496 |
| 210 10 - ABBREVIATED TITLE |
| Abbreviated title |
Reconfigurable field programmable gate arrays for mission-critical applications |
| 245 10 - TITLE STATEMENT |
| Title |
Reconfigurable field programmable gate arrays for mission-critical applications / |
| Statement of responsibility, etc. |
Niccolò Battezzati, Luca Sterpone, Massimo Violante |
| 260 ## - PUBLICATION, DISTRIBUTION, ETC. |
| Place of publication, distribution, etc. |
New York : |
| Name of publisher, distributor, etc. |
Springer, |
| Date of publication, distribution, etc. |
c2011. |
| 504 ## - BIBLIOGRAPHY, ETC. NOTE |
| Bibliography, etc. note |
Includes bibliographical references and index. |
| 506 ## - RESTRICTIONS ON ACCESS NOTE |
| Terms governing access |
License restrictions may limit access. |
| 563 ## - BINDING INFORMATION |
| Binding note |
Hardcover |
| 650 #0 - SUBJECT ADDED ENTRY--TOPICAL TERM |
| Topical term or geographic name entry element |
Field programmable gate arrays |
| General subdivision |
Design and construction. |
| 9 (RLIN) |
18591 |
| 650 #0 - SUBJECT ADDED ENTRY--TOPICAL TERM |
| Topical term or geographic name entry element |
Electronic systems |
| General subdivision |
Safety measures. |
| 9 (RLIN) |
83497 |
| 650 #0 - SUBJECT ADDED ENTRY--TOPICAL TERM |
| Topical term or geographic name entry element |
Fault-tolerant computing. |
| 9 (RLIN) |
83498 |
| 700 1# - ADDED ENTRY--PERSONAL NAME |
| Personal name |
Sterpone, Luca. |
| 9 (RLIN) |
83499 |
| 700 1# - ADDED ENTRY--PERSONAL NAME |
| Personal name |
Violante, Massimo. |
| 9 (RLIN) |
83500 |
| 773 #0 - HOST ITEM ENTRY |
| Title |
SpringerLink ebooks - Engineering (2011) |
| 856 40 - ELECTRONIC LOCATION AND ACCESS |
| Uniform Resource Identifier |
<a href="http://www.columbia.edu/cgi-bin/cul/resolve?clio8577460">http://www.columbia.edu/cgi-bin/cul/resolve?clio8577460</a> |
| Public note |
Full text available from SpringerLink ebooks - Engineering (2011) |
| 910 ## - USER-OPTION DATA (OCLC) |
| User-option data |
Library of Congress record |
| 942 ## - ADDED ENTRY ELEMENTS (KOHA) |
| Source of classification or shelving scheme |
|
| Koha item type |
Book |